20 Biggest Cities Between Daytona Beach FL and Kent WA - Statistics

General Stats
  • This quiz has been taken 14 times
  • The average score is 11 of 20
Answer Stats
Population Interstate Answer % Correct
987,960 I-95, I-10 Jacksonville
89%
296,262 I-64 St. Louis
89%
522,328 I-75 Atlanta
78%
522,580 I-70, I-435 Kansas City
78%
715,913 I-24 Nashville
78%
244,687 I-84 Boise
67%
185,125 I-75, I-24 Chattanooga
67%
300,892 I-80 Lincoln
67%
157,886 I-75 Macon-Bibb County
56%
176,859 I-24 Clarksville
44%
131,579 I-70 Columbia
44%
124,865 I-70 Independence
44%
149,842 N/A Kent
44%
130,387 I-84 Meridian
44%
165,972 I-24 Murfreesboro
44%
105,792 I-84 Nampa
44%
76,139 I-95 Daytona Beach
33%
88,671 I-84, I-15 Ogden
22%
93,482 I-95 Palm Coast
22%
98,738 I-82 Yakima
22%
No matching quizzes found
Score Distribution
Percent of People with Each Score
Percentile by Number Answered
Your Score History
You have not taken this quiz